000 02432nam a2200241Ia 4500
005 20250605112903.0
008 008 250516s9999 xx 000 0 eng d
020 _a9781032881386
040 _aSDCL
_beng
_cSDCL
041 _aeng
_2eng
084 _aY15.2'P R4
_qSDCL
245 0 _aWomen’s empowerment in India :
_bFrom rights to agency
260 _aLondon :
_bRoutledge,
_c2024.
300 _a162p.
365 _aINR
_b1295
520 _aThe volume brings together readings describing a range of less-traversed aspects and transferences of women’s rights and struggles in India and develops a comprehensive understanding of the interface between women’s activism and politics. The book documents and discusses diverse ways in which Indian women have struggled for empowerment, political voice and representation, and rallied against injustice and discrimination. Against the backdrop of women’s assertion of rights and negotiations for empowerment, the chapters in this volume explore diverse facets of collective agency, and emanations of women’s politico-legal struggles against stereotypes of gender and class in post-independence India. While the donor-driven international community has been eager to celebrate the successes of its global normative agenda-setting and ‘best practices’ approach, this book - based primarily on field research by the contributors - showcases authentic local ownership and women’s own agency, taking seriously the need to understand the cultural context and pay attention to intersectionality. It presents various examples of women’s activism for change, reflecting on the quotidian struggles and dynamic assertions of voice and political power, within and outside of formal political institutions. The book is a contribution to the debate about agency and ownership as key aspects of empowerment, highlighting women who defy dominant narratives. It will be an essential read for students and academics of political science, gender studies, sociology and social sciences, and cultural studies. It will also be of interest to readers interested in the history of women’s movements and their participation in national and local politics in India.
650 _aSociology
650 _aGender/ Women
_9811860
700 _aUpadhyaya, Anjoo Sharan
_9809695
700 _a Kolas, Ashild
_9811861
700 _aConnolly, Eileen
_9811862
942 _cTEXL
_2CC
_n0
999 _c1429753
_d1429753